LEADER 01563nam a2200277 i 4500 001 000000051833 003 CaOOAMICUS 005 20121217000000.0 008 121217s1696 xx u000 u lat u 013 $a23005 026 $aodam 2.a- imis tuem (3) 1696 (A) 040 $aSeMil$bita 245 10$aDisciplina vetus ecclesiastica a sanctissimo D.N.D. Innocentio ... 12. instaurata. In bulla nouissime expedita, quae incipit: Speculatores domus Israel, ... Valentinus Lamperez et Blazquez, .. 260 $aHispali :$bEx typographia Lucae Martini,$cAno Dni 1696. 300 $a[34], 263, [3] p. ;$c4°. 500 $aFront. in cornice a doppio filetto decorata. - Iniz., fregi xilogr. - Segn. : par4§42§ ²*4, 2§4, A-2K4. 650 4$aDiritto canonico.$0(OLS)http://semarc/subject/207 700 1 $aLamperez y Blazquez, Valentin .$0(OLS)http://semarc/name/25609 700 1 $aMartin de Hermosilla, Lucas .$0(OLS)http://semarc/name/25611 700 0 $aInnocentius XII,$c.$0(OLS)http://semarc/name/25610 850 $aSeMil 852 $aSeMil$W1$xVenegono$y1$m2G II 67 FA$j17988$B17988$CSeMilBibl$Z2$F17989 $8I 900 0 $aInnocenzo XII$c. 996 $6245$aDisciplina vetus ecclesiastica a sanctissimo D.N.D. Innocentio ... 12. instaurata. In bulla nouissime expedita, quae incipit: Speculatores domus Israel, ... Valentinus Lamperez et Blazquez, ..$9(OLS)http://semarc/title/79465 996 $6260$aHispali :$bEx typographia Lucae Martini$9(OLS)http://semarc/publisher/41383 LEADER 01026nam a2200265 i 4500 001 000000111193 003 CaOOAMICUS 005 20030109000000.0 008 030109s1984 it u000 u ita u 013 $a83875 020 $a88-17-53784-5 040 $aSeMil$bita 100 1 $aTilche, Giovanna.$0(OLS)http://semarc/name/46610 245 10$aMaria Gaetana Agnesi /$cGiovanna Tilche. 260 $aMilano :$bRizzoli,$c1984. 300 $a187 p., [16] p. di tav. + [1] c. di tav. ;$c22 cm. 500 $aContiene : Bibliografia. - Fondo Card. C.M. Martini. 600 14$aAgnesi, Maria Gaetana <1718-1799>.$0(OLS)http://semarc/subject/19865 850 $aSeMil 852 $aSeMil$W1$xVenegono$y1$m3U III 284$j67028$B67028$CSeMilBibl$Z2$F96991 $81 941 1 $a4 961 $aOmaggio: Martini Card. Carlo Maria 996 $6020$a88-17-53784-5$9(OLS)http://semarc/number/93258 996 $6245$aMaria Gaetana Agnesi$9(OLS)http://semarc/title/161776 996 $6260$aMilano :$bRizzoli$9(OLS)http://semarc/publisher/29824